01457nam a2200337 i 4500003000900000005001700009008004100026020001800067040002800085084001100113100003200124245017700156250002100333260003800354300002300392490008300415650006600498650004100564650005200605650005100657650003400708700003500742700003800777700004000815700004700855700004600902700004100948700005000989700003501039700004501074CO-ViMGA20230915224425.0201128s2020 ck ||||jr|||| 00| jdspa d a9789586656412 aCO-ViMGAbspacCO-ViMGA aC ROJ51 aRojas, Andresd1985-eautor13aEl Paci­fico cuenta :bantologi­a de jovenes narradores del Paci­fico colombiano /cAndres Rojas ... [y otros nueve] ; seleccion y presentacion de Antonio Garci­a Angel aEdicion especial aBogota :bSiglo del Hombre,c2020 a112 paginasb21 cm0 aPlan Nacional de Lectura y Escritura Leer es mi Cuento / Ministerio de Cultura172LEMBaAfrocolombianoszPaci­fico (Region, Colombia)vCuentos172LEMBaAutores colombianosySiglo XXI172LEMBaCuentos juveniles colombianosy Siglo XXI172LEMBaLiteratura juvenil colombianaySiglo XXI172LEMBaVida cotidianavCuentos1 aMuñoz, Haroldd1992- eautor1 aRami­rez, Giusseped1990-eautor1 aCalvache, Valentinad1991- eautora1 aCuartas Villalobos, Angelad1982- eautora1 aCuenu Mosquera, Yair Andred1988-eautor 1 aDulcey, Mario Albertod1996- eautor1 aGarci­a Angel, Antoniod1972-eseleccionador1 aRengifo, Angelad1984-eautora1 aRenteri­a Salazar, Yijhand1983eautor